000 00584nam a2200181 i 4500
001 99875
003 ES-MaACL
005 20230906182552.0
007 t|
008 050919s1910 sp ||||1| spa d
100 1 _aMartínez Muñiz, José.
_978278
245 1 0 _aMemoria para recibir el Doctorado en Derecho /
_cleida por José Martínez Muñiz.
260 _aMadrid :
_b[s.n.],
_c1910 (
_eImp. del Asilo de Huérfanos del S. C. de Jesús)
300 _a33 p. ;
_c24 cm.
500 _aTema: Origen de la soberanía.
502 _aTesis doctoral.
852 _aES-MaACL
_jT-1222-F-12
999 _c99875
_d99875